Statistics for Country Names Containing a Letter - B

Click here to take the quiz!

General Stats

  • This quiz has been taken 58 times
  • The average score is 39 of 46

Answer Stats

HintCountry% Correct
1 x BBelgium
100%
2 x BBarbados
97%
1 x BBotswana
95%
1 x BBulgaria
95%
1 x BAlbania
92%
1 x BBosnia and Herzegovina
92%
1 x BBrazil
92%
1 x BBurundi
92%
1 x BBahamas
90%
1 x BBahrain
90%
1 x BBhutan
90%
1 x BBolivia
90%
1 x BBrunei
90%
1 x BBangladesh
87%
1 x BBelize
87%
1 x BBurkina Faso
87%
1 x BDemocratic Republic of the Congo
87%
1 x BDjibouti
87%
1 x BLebanon
87%
1 x BRepublic of the Congo
87%
2 x BZimbabwe
87%
1 x BBelarus
85%
1 x BKiribati
85%
1 x BLuxembourg
85%
1 x BZambia
85%
2 x BAntigua and Barbuda
82%
1 x BAzerbaijan
82%
1 x BBenin
82%
1 x BCambodia
82%
1 x BCentral African Republic
82%
1 x BCzech Republic
82%
1 x BGuinea-Bissau
82%
1 x BLiberia
82%
1 x BLibya
82%
1 x BDominican Republic
79%
1 x BGabon
79%
1 x BSerbia
79%
1 x BUzbekistan
79%
1 x BCuba
77%
1 x BGambia
77%
1 x BNamibia
77%
1 x BUnited Arab Emirates
77%
1 x BMozambique
74%
1 x BSaudi Arabia
72%
1 x BColombia
67%
1 x BTrinidad and Tobago
67%

Score Distribution

Percentile by Number Answered

Percent of People with Each Score

Your Score History

You have not taken this quiz